Word Search: Baby Boy Names Quiz Stats

 Plays Quiz not verified by Sporcle

Support Sporcle.
Go Orange.
Score 0/100 Timer 09:00
0 Plays Today
% Correct
M I
100%
AH
100%
TA
100%
LU
100%
SC
100%
CJ
100%
NA
100%
AM
100%
DE
100%
OS
100%
PE
100%
EM
100%
BO
100%
JA
100%
UG
100%
RW
100%
CH
100%
AO
100%
RN
100%
KE
100%
IM
100%
AL
100%
LY
100%
EC
100%
XA
100%
AJ
100%
NM
100%
DA
100%
ES
100%
RO
100%
KN
100%
IL
100%
AE
100%
NS
100%
% Correct
DR
100%
RO
100%
ET
100%
WI
100%
DJ
100%
JD
100%
MH
100%
CA
100%
AJ
100%
VI
100%
EL
100%
BE
100%
OR
100%
LI
100%
LM
100%
DA
100%
NR
100%
AU
100%
YL
100%
RE
100%
AC
100%
HP
100%
CW
100%
AU
100%
ZG
100%
DH
100%
PS
100%
RT
100%
EM
100%
AM
100%
YD
100%
WO
100%
IF
100%
ER
100%
% Correct
AE
100%
KH
100%
EP
100%
VO
100%
IT
100%
NS
100%
LA
100%
OI
100%
LR
100%
MH
100%
AC
100%
AI
100%
.Andrew
81.4%
.Michael
79.5%
.Christopher
78.3%
.Alexander
77.6%
.James
75.8%
.David
73.3%
.William
73.3%
.Mason
72.7%
.Luke
69.6%
.Robert
65.8%
.Zachary
62.7%
.Jack
60.2%
.Kevin
59.6%
.Max
52.2%
.Tyler
46.6%
.Cameron
42.9%
.Noah
39.1%
.Ryan
38.5%
.Dylan
38.5%
.Elijah
30.4%

You're not logged in!

Compare scores with friends on all Sporcle quizzes.
OR
Log In

From the Vault

MLB Home Run Leaders (A-Z)

by Booger

No, the home run leader under "S" is not steroids, or wait, maybe it is.
Remove Ads.
Support Sporcle.
Get the best of Sporcle when you Go Orange. This ad-free experience offers more features, more stats, and more fun while also helping to support Sporcle. Thank you for becoming a member.

Show Comments

Extras

Top Quizzes Today


Score Distribution

Your Account Isn't Verified!

In order to create a playlist on Sporcle, you need to verify the email address you used during registration. Go to your Sporcle Settings to finish the process.

Report this User

Report this user for behavior that violates our Community Guidelines.

Details: